uk cow breeds - Statistics

General Stats
  • This quiz has been taken 108 times
  • The average score is 6 of 15
Answer Stats
Hint Answer % Correct
dairy cattle from jersey jersey
90%
have long horns and wavy long coats highland
86%
used in meat production,red and white in colour hereford
67%
features a white strap down the middle belted galloway
62%
breed of dairy cattle originating from holland holstein
62%
scottish breed of small beef cattle aberdeen angus
60%
dating back from the 13th century with long horns white park
23%
once so valuable they were known as black gold welsh black
21%
has dual purpose providing both beef and milk red poll
19%
known for easy calving and efficient rearing british white
17%
used for dairy and is white with brown patches aryshire
12%
bred since the 16th century south devon
11%
experiment in crossing galloway cows with whitebred shorthorn bulls resulted in this breed blue grey
9%
beef cattle originating from north England,white in colour whitebred shorthorn
9%
uks rarest breed of cattle vaynol
5%
No matching quizzes found
Score Distribution
Percent of People with Each Score
Percentile by Number Answered
Your Score History
You have not taken this quiz